00967nam a2200277 i 4500001001000000003000900010005001700019007000300036008004100039020001800080020001500098040003000113082002500143100003400168245012100202250002200323264004600345300002800391336002700419337003400446338002900480500003400509500006700543650004000610650003900650000000181DO-SdBNP20240730115536.0ta081028s2007 dr 000 0 spa d a9789945853223 a9945853228 aDO-SdBNPbspacBNPHUerda 4a808.87903bD542d2221 aDíaz, Wilson,d1970-eautor13aEl dicciomalo del maestro larus :bpara reír desde la "a" hasta la "z" !humor pa' titirimundaty! /cWilson Díaz. aPrimera edición aSanto Domingo :bTelemicro S. A., c2007. a126 páginas ;c22 cm. 2rdacontentatextobtxt 2rdamedia asin mediaciónbn 2rdacarrier avolumenbnc aIncluye biografía del autor aLa biblioteca posee tres ejemplares autografiados por el autor 4aHumorismo dominicanovDiccionarios  4aSátira dominicanavDiccionarios